| 000 | 00629nam a2200205Ia 4500 | ||
|---|---|---|---|
| 003 | LDD | ||
| 008 | 181029s9999 xx 000 0 und d | ||
| 020 |
_a9781138173590 _cP 95.00 |
||
| 040 | _cLDD | ||
| 100 | _aMcCall, Catherine C. | ||
| 245 | 0 |
_aTransforming thinking _bphilosophical inquiry in the primary and secondary classr _cCatherine C. McCall |
|
| 250 | _a3rd ed. | ||
| 260 |
_aLondon _bRoutledge _c2016 |
||
| 300 | _axiii, 225 | ||
| 365 | _bP 95.00 | ||
| 901 |
_a17004 _b27-11-2017 |
||
| 902 |
_a13653 _b20-12-2017 _cF _dIBA _e155 |
||
| 903 |
_aDiscount-20 _bReqst by : Rekha Sharma Sen |
||
| 942 |
_2ddc _cBK |
||
| 999 |
_c126412 _d126412 |
||